Central Library and Information Centre
Sibsagar Girls' College, Sivasagar : Assam

A GUIDE TO CHEMISTRY PROBLEMS (Record no. 8044)

MARC details
000 -LEADER
fixed length control field 00464cam a2200193ua 4500
008 - FIXED-LENGTH DATA ELEMENTS--GENERAL INFORMATION
fixed length control field 160624n1996 II |||gr||||Z||||||eng
040 ## - CATALOGING SOURCE
Original cataloging agency MAIN
041 ## - LANGUAGE CODE
-- English
082 ## - DEWEY DECIMAL CLASSIFICATION NUMBER
Classification number 540 POD
100 ## - MAIN ENTRY--PERSONAL NAME
Personal name PODDER, S. N.
245 ## - TITLE STATEMENT
Title A GUIDE TO CHEMISTRY PROBLEMS
250 ## - EDITION STATEMENT
Edition statement 1st.
260 ## - PUBLICATION, DISTRIBUTION, ETC.
Place of publication, distribution, etc. KOLKATA
Name of publisher, distributor, etc. BOOK SYNDICATE
Date of publication, distribution, etc. 1996
300 ## - PHYSICAL DESCRIPTION
Extent 746:
Dimensions 24CM.
700 ## - ADDED ENTRY--PERSONAL NAME
Personal name PODDER, S. N.,
Relator term Author.
942 ## - ADDED ENTRY ELEMENTS (KOHA)
Koha item type Books
653 ## - INDEX TERM--UNCONTROLLED
Uncontrolled term Chemistry & allied sciences
Holdings
Withdrawn status Lost status Damaged status Not for loan Collection code Home library Current library Shelving location Date acquired Full call number Barcode Date last seen Copy number Price effective from Koha item type
        TBCHE Central Library and Information Centre Sibsagar Girls College Central Library and Information Centre Sibsagar Girls College Chemistry Rack 23.06.1998 540 POD 15399 27.02.2020 1 27.02.2020 Books
        TBCHE Central Library and Information Centre Sibsagar Girls College Central Library and Information Centre Sibsagar Girls College Chemistry Rack 23.06.1998 540 POD 15400 27.02.2020 2 27.02.2020 Books
        REFENG Central Library and Information Centre Sibsagar Girls College Central Library and Information Centre Sibsagar Girls College Chemistry Rack 23.06.1998 540 POD 15401 27.02.2020 3 27.02.2020 Books


Sibsagar Girl's College © 2020. All rights reserved.
Powered by Koha.
Maintained by Abhijit Borpuzari.